| 000 -LEADER |
| fixed length control field |
03012cam a2200469Ii 4500 |
| 001 - CONTROL NUMBER |
| control field |
940758892 |
| 003 - CONTROL NUMBER IDENTIFIER |
| control field |
OCoLC |
| 005 - DATE AND TIME OF LATEST TRANSACTION |
| control field |
20210411105837.0 |
| 008 - FIXED-LENGTH DATA ELEMENTS--GENERAL INFORMATION |
| fixed length control field |
160224s2016 nyua b 001 0 eng d |
| 020 ## - INTERNATIONAL STANDARD BOOK NUMBER |
| International Standard Book Number |
9781259584756 |
| Qualifying information |
(pbk. ; |
| -- |
alk. paper) |
| 020 ## - INTERNATIONAL STANDARD BOOK NUMBER |
| International Standard Book Number |
1259584755 |
| Qualifying information |
(pbk. ; |
| -- |
alk. paper) |
| 035 ## - SYSTEM CONTROL NUMBER |
| System control number |
(OCoLC)940758892 |
| 040 ## - CATALOGING SOURCE |
| Original cataloging agency |
GTA |
| Language of cataloging |
eng |
| Transcribing agency |
GTA |
| Modifying agency |
GTA |
| 043 ## - GEOGRAPHIC AREA CODE |
| Geographic area code |
n-us--- |
| 049 ## - LOCAL HOLDINGS (OCLC) |
| Holding library |
YYEA |
| -- |
VZYM |
| 080 ## - UNIVERSAL DECIMAL CLASSIFICATION NUMBER |
| Universal Decimal Classification number |
614 |
| Item number |
B-69 |
| 096 ## - LOCALLY ASSIGNED NLM-TYPE CALL NUMBER (OCLC) |
| Classification number |
WA 540 AA1 B65u 2016 |
| 100 1# - MAIN ENTRY--PERSONAL NAME |
| Personal name |
Bodenheimer, Thomas. |
| 245 10 - TITLE STATEMENT |
| Title |
Understanding health policy : |
| Remainder of title |
a clinical approach / |
| Statement of responsibility, etc. |
Thomas Bodenheimer, Kevin Grumbach. |
| 250 ## - EDITION STATEMENT |
| Edition statement |
7th ed. |
| 260 ## - PUBLICATION, DISTRIBUTION, ETC. |
| Place of publication, distribution, etc. |
New York : |
| Name of publisher, distributor, etc. |
McGraw-Hill Medical, |
| Date of publication, distribution, etc. |
2016. |
| 300 ## - PHYSICAL DESCRIPTION |
| Extent |
vii, 225 p. : |
| Other physical details |
col. ill. ; |
| Dimensions |
24 cm. |
| 500 ## - GENERAL NOTE |
| General note |
At head of title: A Lange medical book. |
| 500 ## - GENERAL NOTE |
| General note |
EINSTEIN: also available online via AccessMedicine. See Reference staff for assistance. |
| 500 ## - GENERAL NOTE |
| General note |
MMC: available online via AccessMedicine. See staff for assistance. |
| 504 ## - BIBLIOGRAPHY, ETC. NOTE |
| Bibliography, etc. note |
Includes bibliographical references and index. |
| 505 00 - FORMATTED CONTENTS NOTE |
| Title |
Introduction: the paradox of excess and deprivation -- |
| -- |
Paying for health care -- |
| -- |
Access to health care -- |
| -- |
Paying health care providers -- |
| -- |
How health care is organized-I: Primary, secondary, and tertiary care -- |
| -- |
How health care is organized-II: Health delivery systems -- |
| -- |
Health care workforce and the education of health professionals -- |
| -- |
Painful versus painless cost control -- |
| -- |
Mechanisms for controlling costs -- |
| -- |
Quality of health care -- |
| -- |
Prevention of illness -- |
| -- |
Long-term care -- |
| -- |
Medical ethics and rationing of health care -- |
| -- |
Health care in four nations -- |
| -- |
Health care reform and national health insurance -- |
| -- |
Conflict and change in America's health care system -- |
| -- |
Conclusion: tensions and challenges -- |
| -- |
Questions and discussion topics. |
| 520 ## - SUMMARY, ETC. |
| Summary, etc. |
Expert practitioners in both the public and private healthcare sectors, the authors cover the entire scope of our healthcare system. From the concepts behind policy decisions to concrete examples of how they affect patients and professionals alike. Understanding Health Policy, 6e makes otherwise difficult concepts easy to understand.so you can make better decisions, improve outcomes, and enact positive change on a daily basis. |
| 590 ## - LOCAL NOTE (RLIN) |
| Local note |
c.1 10070291 Ritt 3//14/16 $53.00. |
| 650 #2 - SUBJECT ADDED ENTRY--TOPICAL TERM |
| Topical term or geographic name entry element |
Health Policy. |
| 650 #2 - SUBJECT ADDED ENTRY--TOPICAL TERM |
| Topical term or geographic name entry element |
Health Care Costs. |
| 650 #2 - SUBJECT ADDED ENTRY--TOPICAL TERM |
| Topical term or geographic name entry element |
Health Care Rationing. |
| 650 #2 - SUBJECT ADDED ENTRY--TOPICAL TERM |
| Topical term or geographic name entry element |
National Health Programs. |
| 653 ## - INDEX TERM--UNCONTROLLED |
| Uncontrolled term |
ჯანდაცვა |
| 653 ## - INDEX TERM--UNCONTROLLED |
| Uncontrolled term |
ჯანდაცვის პოლიტიკა |
| 655 #7 - INDEX TERM--GENRE/FORM |
| Genre/form data or focus term |
Electronic books. |
| 700 1# - ADDED ENTRY--PERSONAL NAME |
| Personal name |
Grumbach, Kevin. |
| 710 2# - ADDED ENTRY--CORPORATE NAME |
| Corporate name or jurisdiction name as entry element |
AccessMedicine (Online Service) |
| 856 40 - ELECTRONIC LOCATION AND ACCESS |
| Materials specified |
AccessMedicine |
| Uniform Resource Identifier |
<a href="https://elibrary.einsteinmed.org/login?url=https://accessmedicine.mhmedical.com/book.aspx?bookid=1790 ">https://elibrary.einsteinmed.org/login?url=https://accessmedicine.mhmedical.com/book.aspx?bookid=1790 </a> |
| Public note |
EINSTEIN: AccessMedicine ebook collection |
| 856 41 - ELECTRONIC LOCATION AND ACCESS |
| Materials specified |
AccessMedicine |
| Uniform Resource Identifier |
<a href="https://accessmedicine.mhmedical.com/book.aspx?bookid=1790">https://accessmedicine.mhmedical.com/book.aspx?bookid=1790</a> |
| Public note |
MMC: AccessMedicine ebook collection |
| 942 ## - ADDED ENTRY ELEMENTS (KOHA) |
| Source of classification or shelving scheme |
|
| Koha item type |
Books |
| Edition |
7 |